Statistics for Highest mountains in Poland

Click here to take the quiz!

General Stats

  • This quiz has been taken 2,044 times
  • The average score is 2 of 10

Answer Stats

HeightmMountain% Correct
2499Rysy
100%
2301Świnica
35%
2438Mięguszowiecki Szczyt Wielki
12%
2376Cubryna
10%
2410Mięguszowiecki Szczyt Czarny
10%
2393Mięguszowiecki Szczyt Pośredni
10%
2430Niżnie Rysy
9%
2377Hińczowa Turnia
8%
2373Wołowa Turnia
8%
2336Żabia Turnia Mięguszowiecka
7%

Score Distribution

Percentile by Number Answered

Percent of People with Each Score

Your Score History

You have not taken this quiz